MARC

LEADER 00000nam0a2200000 4500
001 362855
005 20231102011530.0
035 |a (RuTPU)RU\TPU\retro\20201 
090 |a 362855 
100 |a 20210827d1936 km y0rusy50 ca 
101 0 |a rus 
102 |a RU 
105 |a a z 001zy 
200 1 |a Успехи гравиметрии  |f П. М. Горшков  |g Академия наук СССР 
210 |a Москва  |a Ленинград  |c Изд-во Академии наук СССР  |d 1936 
215 |a 122 с.  |c ил. 
225 1 |a Серия научно-популярная 
317 |5 63413507: КР-7042  |a Поступил в НТБ в 2004 г. в составе книжного собрания кафедры общей геологии 
320 |a Библиогр.: с. 122 
606 1 |a Гравиметрия  |x (геология)  |2 stltpush  |3 (RuTPU)RU\TPU\subj\39186  |9 59375 
610 1 |a гравиметрические исследования 
610 1 |a гравиметрические измерения 
610 1 |a гравиметрическая съемка 
610 1 |a сила тяжести 
610 1 |a Коллекция кафедры общей геологии 
610 1 |a дары библиотеке 
675 |a 550.312  |v 4 
700 1 |a Горшков  |b П. М. 
712 0 2 |a Академия наук СССР  |c (Ленинград/Москва)  |c (1925-1991)  |2 stltpush  |3 (RuTPU)RU\TPU\col\722  |9 23473 
801 1 |a RU  |b 63413507  |c 20210827 
801 2 |a RU  |b 63413507  |c 20211118  |g RCR 
942 |c BK